| 000 | 00413nam a22001577a 4500 | ||
|---|---|---|---|
| 003 | BD-ChCU | ||
| 005 | 20260423135406.0 | ||
| 008 | 260423b bg ||||| |||| 00| 0 ben d | ||
| 040 | _cBD-ChCU | ||
| 082 | _a364.34 TOL | ||
| 245 |
_aLegal and Criminal psychology ./ _cHans , Toch . |
||
| 300 | _axviii , 426p. | ||
| 650 | 0 |
_aCriminal Psychology . _921854 |
|
| 700 |
_aToch , Hans . _921847 |
||
| 942 |
_2ddc _cBK _n0 |
||
| 999 |
_c112388 _d112388 |
||